AGRICULTURAL EXTENSION (Record no. 177923)

MARC details
000 -LEADER
fixed length control field 00326nam a22001337a 4500
020 ## - INTERNATIONAL STANDARD BOOK NUMBER
International Standard Book Number 978-9381-226-193
082 ## - DEWEY DECIMAL CLASSIFICATION NUMBER
Classification number 630.715 DIL/AG
100 ## - MAIN ENTRY--PERSONAL NAME
Personal name DILEEP KUMAR, KHAJAN SINGH
245 ## - TITLE STATEMENT
Title AGRICULTURAL EXTENSION
250 ## - EDITION STATEMENT
Edition statement 1
260 ## - PUBLICATION, DISTRIBUTION, ETC. (IMPRINT)
Place of publication, distribution, etc. DELHI
Name of publisher, distributor, etc. SATISH SERIAL PUBLISHING HOUSE
Date of publication, distribution, etc. 2012
300 ## - PHYSICAL DESCRIPTION
Extent 650
942 ## - ADDED ENTRY ELEMENTS (KOHA)
Source of classification or shelving scheme Dewey Decimal Classification
Koha item type Reference Book
Holdings
Withdrawn status Lost status Source of classification or shelving scheme Damaged status Not for loan Collection code Home library Current library Shelving location Date acquired Cost, normal purchase price Total Checkouts Full call number Barcode Date last seen Price effective from Koha item type
    Dewey Decimal Classification     Reference Book College of Co-operation, Banking & Management Library, Vellanikkara College of Co-operation, Banking & Management Library, Vellanikkara   22/09/2017 2250.00   630.715 DIL/AG KAU_CCBM-15292 22/09/2017 22/09/2017 Reference Book
Kerala Agricultural University Central Library
Thrissur-(Dt.), Kerala Pin:- 680656, India
Ph : (+91)(487) 2372219
E-mail: librarian@kau.in
Website: http://library.kau.in/